Vzorová účtovná závierka zostavená podľa slovenských právnych predpisov k 31. decembru 2005 (v slovenskom, anglickom a nemeckom jazyku)

Bibliographic Details
Corporate Author: KPMG (Bratislava, Slovensko) (Author)
Format: Book
Language:Slovak
English
German
PhysicalDescription:107 s. tab. 30 cm 1 CD
Published: Bratislava Iura edition 2005
ISBN:8080780692 (brož.)
Edition:[1. vyd.]
Series:Ekonómia
Subjects:

MARC

LEADER 00000nam a2200000 a 4500
001 vtls008423669
003 SK-MaSNL
005 20260425232349.0
008 251029s2005 xo l f f 000 0 slo
015 |a SNBA2006/05-02906 
020 |a 8080780692 (brož.) 
035 |a C4D1431D-E706-47FD-857D-A25D3A3615F5 
035 |a urn:nbn:sk:snk-amkuwk 
035 |a urn:nbn:sk:snk-am004cx0 
040 |a SNK  |b slo  |c SNK  |e AACR2 
041 0 |a slo  |a eng  |a ger 
043 |a e-xo--- 
044 |a xo  |c SK 
072 7 |a 657  |x Účtovníctvo  |2 konspekt 
080 |a (437.6)  |2 2001 
080 |a (035)  |2 2001 
080 |a 657  |2 2001 
110 2 |a KPMG (Bratislava, Slovensko)  |4 aut  |9 324684 
245 1 0 |a Vzorová účtovná závierka zostavená podľa slovenských právnych predpisov k 31. decembru 2005 (v slovenskom, anglickom a nemeckom jazyku) 
250 |a [1. vyd.] 
260 |a Bratislava  |b Iura edition  |c 2005 
300 |a 107 s.  |b tab.  |c 30 cm  |e 1 CD 
490 1 |a Ekonómia  |v 163 
546 |a Súbežný text angl. a nem. 
650 0 7 |a účtovníctvo  |2 SNKPH  |9 649 
651 7 |a Slovensko  |2 SNKPH  |9 14231 
655 7 |a príručky  |2 SNKPH  |9 74364 
830 0 |a Ekonómia  |9 290125 
919 |a 80-8078-069-2 
999 |c 737366  |d 739296 
952 |a SNK  |b SNK  |y VYP  |7 0  |p 17A0494259  |o snkSB 71542 D1  |i snk2006/746  |8 0  |0 0  |1 0  |4 0  |d 2006-01-12  |f 1  |l 0  |r 2016-06-30 00:00:00  |w 2026-02-23 
952 |a SNK  |b SNK  |y PREZ  |7 0  |p 17A0494255  |o snkSB 71542  |i snk2006/745  |8 0  |0 0  |1 0  |4 0  |d 2006-01-12  |l 0  |r 2025-04-23 00:00:00  |w 2026-02-23 
952 |a SNK  |b SNK  |y PREZ  |7 0  |p 17A0494256  |o snkSB 71542/pril.  |i snk2006/745  |8 0  |0 0  |1 0  |4 0  |d 2006-01-12  |l 0  |r 2025-04-23 00:00:00  |w 2026-02-23 
952 |a SNK  |b SNK  |y VYP  |7 0  |p 17A0494258  |o snkSB 71542/pril. D1  |i snk2006/746  |8 0  |0 0  |1 0  |4 0  |d 2006-01-12  |l 0  |r 2016-06-30 00:00:00  |w 2026-02-23